La luna se ha puesto / (Record no. 148466)

MARC details
000 -LEADER
campo de control de longitud fija 00632nam a2200217 4500
001 - NÚMERO DE CONTROL
campo de control 148466
003 - IDENTIFICADOR DE NÚMERO DE CONTROL
campo de control ES-MaACL
005 - FECHA Y HORA DE LA ÚLTIMA TRANSACCIÓN
campo de control 20230906202644.0
007 - CAMPO FIJO DE DESCRIPCIÓN FÍSICA--INFORMACIÓN GENERAL
campo de control de longitud fija t|
008 - DATOS DE LONGITUD FIJA--INFORMACIÓN GENERAL
campo de control de longitud fija 070214s1949 ag r ||||1| spa d
100 1# - ENTRADA PRINCIPAL--NOMBRE DE PERSONA
Nombre de persona Steinbeck, John (
Fechas asociadas al nombre 1902-1968)
9 (RLIN) 108042
245 13 - MENCIÓN DEL TÍTULO
Título La luna se ha puesto /
Mención de responsabilidad, etc. John Steinbeck ; traducción de Pedro Lecuona.
250 ## - MENCION DE EDICION
Mención de edición 4ª. ed.
260 ## - PUBLICACIÓN, DISTRIBUCIÓN, ETC.
Lugar de publicación, distribución, etc. Buenos Aires :
Nombre del editor, distribuidor, etc. Ed. Sudamericana,
Fecha de publicación, distribución, etc. 1949.
300 ## - DESCRIPCIÓN FÍSICA
Extensión 181 p. ;
Dimensiones 19 cm.
490 1# - MENCIÓN DE SERIE
Mención de serie Col. horizonte
700 1# - ENTRADA AGREGADA--NOMBRE PERSONAL
Nombre de persona Lecuona, Pedro.
9 (RLIN) 71125
830 0# - PUNTO DE ACCESO ADICIONAL DE SERIE-TÍTULO UNIFORME
Título uniforme Col. horizonte
9 (RLIN) 187435
852 ## - LOCALIZACIÓN
Ubicación ES-MaACL
Número de control de estantería D-5801
Sublocalización o colección R.25852
Holdings
Estatus retirado Estado de pérdida Estado de daño No para préstamo Biblioteca de origen Biblioteca actual Ubicación en estantería Fecha de adquisición Fuente de adquisición Total de préstamos Signatura topográfica completa Código de barras Visto por última vez Precio de reemplazo Tipo de ítem Koha
        Biblioteca del Ateneo de Madrid Biblioteca del Ateneo de Madrid Sala Valle Inclán 17/01/2008     D-5801 901154939 23/02/2023 23/02/2023 Libro impreso